000 00653nam a2200181Ia 4500
008 100920s9999 xx 000 0 und d
082 _b80748
_a--- थ 98
100 _aखानोलकर चिंतामणी त्र्यंबक.
245 _aगणुराया आणि चानी.
260 _bमौज प्रकाशन गृह, मुंबई.
_c1998
300 _a160
_bसाधी
365 _b60
520 _aकादंबरी.
630 _aगणुराया आणि चानी.
650 _aकादंबरी.
730 _aगणुराया आणि चानी.
942 _cBOOK
999 _c721622
_d721619